[Event "Asia-ch 5th"]
[Site "Hyderabad"]
[Date "2005.10.08"]
[Round "3"]
[White "Sharbaf, Mohsen"]
[Black "Taleb, Moussa"]
[Result "0-1"]
[WhiteElo "2387"]
[BlackElo "2510"]
[Annotator "Babula,V"]
[PlyCount "104"]
[EventDate "2005.10.05"]
[EventType "swiss"]
[EventRounds "9"]
[EventCountry "IND"]
[SourceTitle "CBM 110"]
[Source "ChessBase"]
[SourceDate "2006.01.31"]
[SourceVersion "1"]
[SourceVersionDate "2006.01.31"]
[SourceQuality "1"]

1. e4 c5 2. Nc3 Nc6 (2... d6 3. f4 g6 4. Nf3 Bg7 5. Bc4 Nc6 6. d3 e6 7. O-O
Nge7) 3. f4 g6 {Black doesn't waste time for advance of his d-pawn.} ({After} 
3... d6 4. Nf3 g6 5. Bc4 Bg7 6. O-O {White reaches more dangerous version of
his setup, after} e6 7. d3 Nge7 {we get the key position of it. The line with
3...d6 often arises in the above mentioned move order.}) 4. Nf3 Bg7 5. Bc4 e6 {
[%cal Yg8e7,Yd7d5] That is advantage of Black's move order, he wants to play
d7-d5 in one move.} 6. f5 {The typical pawn sacrifice in this line, its aim is
to open the f-file and the c1-h6 diagonal as well.} ({After other moves Black
has no problems at all, for example} 6. O-O Nge7 7. e5 d6 8. exd6 Qxd6 9. d3
O-O 10. Ne4 Qc7 11. Qe1 Nf5 12. Qf2 b6 $11 {0-1 Polgar,J-Gelfand,B/Pacs 2003/
CBM 096 (48)}) 6... Nge7 {It is considered to be the best, Black avoids
complications after the accepting the sacrifice.} (6... gxf5 7. d3 Nge7 8. O-O
$44) (6... exf5 7. d3 Nge7 8. O-O $44) 7. fxe6 dxe6 ({The whole line was
thought advantageous for Black due to} 7... fxe6 8. d3 d5 9. Bb3 b5 {but after
relatively new move} 10. O-O $1 {it turned up that things are not so easy. The
win of Bb3 costs time and gives White initiative, for example} c4 11. dxc4 dxc4
12. Qxd8+ Nxd8 (12... Kxd8 13. Nxb5 cxb3 14. axb3 $44 {1/2-1/2 Biti,O-Velcheva,
M/Zadar 1998/EXT 2000 (48)}) 13. Nxb5 cxb3 14. Nc7+ Kd7 15. Nxa8 bxc2 $13 {
1/2-1/2 Karlsson,T-Sax,G/Stockholm 1999/CBM 074 ext (22)}) 8. d3 Na5 ({The
main line continues} 8... O-O 9. O-O {and now after} Na5 ({other options are} 
9... Nd4) (9... a6) {White opts between} 10. Qe1 $5 ({and} 10. Bb3)) ({An
interesting, but risky plan is} 8... h6 $5 9. O-O g5 {[%cal Ye7g6] 1/2-1/2
Savchenko,S-Atalik,S/Bucharest 1996/EXT 99/[Atalik] (46)}) 9. Bb5+ {White
exploits this extra option compared to the above mentioned main line.} (9. Bb3)
9... Bd7 10. Bxd7+ Qxd7 11. O-O O-O (11... Nac6 $5) 12. Qe1 $6 {[%cal Ye1h4]
The typical manoeuvre, White transfers his queen to the kingside, but in the
concrete position a new move.} ({It is surely better to develop the bishop at
first} 12. Be3 $142 b6 {and just now} 13. Qe1 Nac6 14. Qh4 Nd4 15. Rf2 Nec6 16.
Raf1 f5 17. Bh6 Nxf3+ 18. Rxf3 Bxh6 19. Qxh6 Qg7 $11 20. Qxg7+ {1/2-1/2
Ristoja,T-Jeitz,C/Izmir 2004/CBM 102 ext}) 12... Nac6 {[%cal Yc6d4] The knight
returns back to play after finishing his mission.} 13. Qh4 Nd4 $11 {Black's
counterplay in the centre neutralizes White's attacking prospects on the
kingside.} 14. Ng5 $4 {A blunder, it is not clear what White overlooked.} (14.
Bh6 $6 Nef5 $1 (14... Nxc2 $2 15. Bxg7 Kxg7 16. Rac1 $40)) (14. Rf2 $142 $11)
14... h6 15. Nh3 Nxc2 16. Bxh6 $6 {Leads to hopeless position immediately.} ({
After} 16. Rb1 $142 {Black should still have found accurate} f6 $1 $17 (16...
g5 $2 17. Bxg5) 17. Bxh6 $140 Qd4+ 18. Kh1 Nf5) 16... Bxh6 17. Qxh6 Qd4+ {
Maybe White missed this.} 18. Kh1 Nxa1 $19 19. Rxa1 (19. Ng5 Qg7) 19... Qg7 $6
{Absolutely not necessary.} (19... Rad8 $142 $19) 20. Qg5 Nc6 ({Black could
keep the c5 pawn by playing} 20... f5 {, but White would get outpost for his
knights on d5} 21. Nf4 e5 (21... Qf6 22. Qxf6 Rxf6 23. e5 Rf7 24. Nxe6) 22.
Nfd5 $5 $17 (22. Ne6 $6 Qf6 23. Qxf6 Rxf6 24. Nxc5 Rd8 $19)) 21. Qxc5 Qe5 22.
Qe3 Rad8 $17 {Black should still easy convert his material and positional
superiority, it is just a matter of technique.} 23. Ng5 Nd4 24. Rf1 Kg7 25. Nh3
Rh8 26. Nd1 Nc6 27. Qf2 Rd7 (27... f6 $5) 28. Ne3 {[%cal Ye3g4] White has
regrouped his forces, especially he has transferred the second knight closer
to Black's king and he starts to have some threats.} Nb4 $2 {A mistake, Black
terribly underestimates the attacking potential of White's pieces.} ({After
accurate} 28... Qh5 $17 {Black prevents Ne3-g4 and White can't bother Black's
monarch anymore, for example} 29. Qf6+ Kg8 30. Rf2 Qh4) 29. Ng4 Qd4 30. Qf3 $40
{Now Black is in a big danger and the defence is far from easy.} f5 $6 {
Black plays with fire.} ({Bad was} 30... Nxd3 $2 31. Ng5 $16) ({Correct was} 
30... Re7 $142 {with idea to protect prophylactically the e6 pawn.} {White
must find then the strongest} 31. Nf4 $1 (31. Ng5 $2 f5) (31. e5 $6 Nd5 32. Ng5
Qxb2 $15) {and after} 31... Nc6 32. Nxe6+ fxe6 33. e5 $11 {he has the
perpetual check, but nothing more.}) 31. Nf4 $1 Re7 $2 {Another mistake turns
the tables.} ({Insufficient was also} 31... Qd6 $2 {due to} 32. Nxg6 $1 Qxd3 (
32... Kxg6 $2 33. exf5+ $18) 33. N4e5 $16) ({The only move was} 31... Kf7 $1
$13 {White keeps the attack, but there is nothing concrete.}) 32. Nxg6 $2 ({
Much stronger was} 32. exf5 $142 exf5 (32... gxf5 $6 33. Nxe6+ $1 Rxe6 34. Qxf5
$18) 33. Nxg6 $1 fxg4 34. Nxe7 gxf3 35. Nf5+ Kg6 36. Nxd4 fxg2+ 37. Kxg2 Nxd3
$16) 32... Kxg6 33. Qg3 $4 {An incredible mistake.} (33. exf5+ $142 {leads to
draw:} Kf7 $8 34. f6 Rd7 35. Qg3 Kf8 36. Ne5 Rhh7 $11 37. Ng6+ Ke8 38. Ne5 Kf8)
33... Rh5 $6 {Good enough,} ({but} 33... Rg7 $142 $19 {was even better.}) 34.
Ne5+ Kf6 35. Ng4+ Kg6 {Black gains some time.} 36. Ne5+ Kf6 37. Nf3 $6 {
Unbelievable, White spurns the repetition the first!} ({After} 37. Ng4+ $142 {
Black would surely continue} Kf7 38. Ne5+ Kf8 39. Ng6+ Ke8 40. Nxe7 Kxe7 $17)
37... Qxd3 $19 38. e5+ Kf7 39. Rc1 Qd8 40. Ng5+ Rxg5 (40... Kf8) 41. Qxg5 Qh8
42. Rc4 Rd7 43. Kg1 Qxe5 $2 {A comedy of errors continues.} (43... Rd1+ $142
44. Kf2 Nd3+ 45. Ke2 Qxe5+ 46. Kxd1 Nxb2+) 44. Qh5+ Ke7 45. Qg5+ $2 {The final
mistake.} ({After} 45. Qh4+ $142 {White wins the knight and has some drawing
chances:} Kd6 46. Rxb4 Kc7 $17 (46... Qe3+ $2 47. Kf1 Qd3+ 48. Kf2 Qc2+ 49. Kf3
$1 $15 Kc5 50. Rb3)) 45... Kd6 $19 46. Qd2+ Nd5 47. Rd4 Kc7 48. Qa5+ Kb8 49.
Rd1 Qe3+ 50. Kh1 Qb6 51. Qa3 Qd6 52. Qh3 a6 0-1

[Event "Samba Cup 2nd"]
[Site "Skanderborg"]
[Date "2005.10.15"]
[Round "2"]
[White "Ivanchuk, Vassily"]
[Black "Zhang, Pengxiang"]
[Result "1/2-1/2"]
[WhiteElo "2748"]
[BlackElo "2613"]
[Annotator "Babula,V"]
[PlyCount "61"]
[EventDate "2005.10.14"]
[EventType "tourn"]
[EventRounds "9"]
[EventCountry "DEN"]
[EventCategory "16"]
[SourceTitle "CBM 110"]
[Source "ChessBase"]
[SourceDate "2006.01.31"]
[SourceVersion "1"]
[SourceVersionDate "2006.01.31"]
[SourceQuality "1"]

{[%mdl 4]} 1. e4 c5 2. Nc3 Nc6 3. Nge2 e5 {[%csl Rd5] ><d5 Black prevents on
principle the d2-d4 advance and that way avoids transpositions to common open
Sicilian lines. The drawback is apparent, the weakness d5, but for White it is
difficult to exploit it, as the position has the closed character.} 4. Nd5 {
[%cal Ye2c3]} Nge7 ({Other option is} 4... Nce7 $5 {with the idea to exchange
all knights, and that way to decrease the importance of the d5 weakness. Good
example of neutralization White's small edge:} 5. Nec3 Nxd5 6. Nxd5 Nf6 7. Bc4
Be7 8. O-O d6 9. d3 O-O 10. f4 Nxd5 11. Bxd5 exf4 12. Bxf4 Be6 $1 (12... Bf6 $6
13. c3 Be6 14. Qb3 $14) 13. Bxe6 fxe6 14. Qg4 $11 {1/2-1/2 Adorjan,
A-Sveshnikov,E/Alushta 1994/CBM 042}) 5. Nec3 Nxd5 6. Nxd5 Rb8 {[%cal Yb7b5]} (
{Common continuation is} 6... Be7 {, where Nataf showed the model way of
defence:} 7. Bc4 (7. g3 d6 8. Bg2 h5 $5 9. d3 Bg4 10. f3 Be6 11. c3 h4 12. Be3
Qd7 $11 {1/2-1/2 Vallejo Pons,F-Nataf,I/Havana 2001/CBM 084 (29)}) 7... O-O 8.
O-O d6 9. a4 Be6 10. d3 Rb8 $5 {Black prepares Be7-g5 and moves his rook from
the potential fork Nd5-c7} 11. f4 exf4 12. Bxf4 Bg5 13. Qh5 h6 $5 14. Ba2 Bxf4
15. Rxf4 Qg5 16. Qxg5 hxg5 17. Rf2 Kh7 $1 18. h3 Kg6 $11 {1/2-1/2 Short,
N-Nataf,I/New Delhi/Teheran 2000/CBM 080 (44)}) ({Dubious, but playable is} 
6... Ne7 {with the same idea like 4..Nce7, but this version is for Black worse.
In the above example he has his knight on f6 and here on e7, what limits his
further development.} 7. Bc4 ({Possible is also retreat} 7. Nc3 g6 (7... d5 $6
8. exd5 Nxd5 9. Qh5) 8. Bc4 Bg7 9. d3 O-O 10. O-O d6 11. f4 exf4 12. Bxf4 {
1-0 Polivanov,A-Ivanova,S/Mariupol 2003/CBM 095 ext (40)} Be6 $5 $11) 7... Nxd5
8. Bxd5 d6 {In spite of fact, that Black couldn't develop his pieces in
optimal way as in the above game Adorjan-Sveshnikov, there is no clear way to
White's advantage.} (8... Be7 $2 9. Qh5)) 7. a4 {White secures the c4 square
for his Bf1.} Ne7 $6 (7... Be7 $142 {would lead to main lines with 6...Be7}) 8.
Nc3 $5 {Perhaps the best continuation.} ({After} 8. Bc4 Nxd5 9. Bxd5 d6 {
Black chances to equalize are better than after the same variation without
moves a2-a4, Ra8-b8. I think that insertion of these moves is in this position
advantageous for Black.}) 8... g6 (8... d5 $2 9. Qh5) 9. h4 $1 {[%cal Yh4h5]
The important part of White's plan. By the threat of the further advance of
his h-pawn White almost forces Black to weaken his pawn structure on kingside.}
h6 (9... d5 $2 10. Qf3) (9... h5 {><g5}) 10. Bc4 (10. h5 $143 $6 g5 {and White
can't play f2-f4.}) 10... Bg7 11. d3 d6 12. f4 Be6 (12... exf4 $6 {is not
satisfactory for Black:} 13. Bxf4 Be6 (13... O-O 14. Qd2 Kh7 15. Nb5 $16) 14.
Qd2 $16 {and Black can't castle kingside.}) 13. Bxe6 fxe6 14. Qg4 $14 Kd7 $5 {
Black tries to hide his king in the centre.} 15. O-O Qg8 16. Be3 Rf8 17. Ne2 {
[%cal Yc2c3,Yd3d4] White prepares an opening of the position against Black's
king in the centre.} exf4 18. Nxf4 Be5 (18... g5 19. Nh5) 19. c3 $6 {White
continues in his plan and overlooks Black's reaction.} (19. Ne2 $142 $5 $14 {
[%cal Yc2c3,Yd3d4]}) 19... Bxf4 $1 20. Rxf4 (20. Bxf4 g5 $1) 20... Rxf4 21.
Bxf4 g5 $1 $11 {Black loosens himself and is out of problems.} 22. Bh2 ({
Accepting the pawn sacrifice is risky:} 22. hxg5 $6 hxg5 23. Qxg5 Qh7) 22...
gxh4 23. Qxh4 Qg5 24. Qxg5 (24. Qf2 $5) 24... hxg5 {White cant' even think
about some edge in this ending, his bishop is very passive.} 25. Rf1 Rb8 $1 {
[%cal Yb7b5] <->b} 26. Rf2 b5 27. axb5 Rxb5 28. Kf1 e5 29. Ke1 Ke6 30. Kd1 Ra5
31. Kc2 (31. Kc2 Ra1 32. Bg3 $11 Ng6 $140 33. Rf5) 1/2-1/2

[Event "Carlos Torre Wimbledon 18th"]
[Site "Merida"]
[Date "2005.12.20"]
[Round "2.1"]
[White "Mitkov, Nikola"]
[Black "Vera Gonzalez Quevedo, Reynaldo"]
[Result "1/2-1/2"]
[WhiteElo "2520"]
[BlackElo "2481"]
[Annotator "Babula,V"]
[PlyCount "107"]
[EventDate "2005.12.19"]
[EventType "k.o."]
[EventRounds "4"]
[EventCountry "MEX"]
[SourceTitle "CBM 111"]
[Source "ChessBase"]
[SourceDate "2006.04.04"]
[SourceVersion "1"]
[SourceVersionDate "2006.04.04"]
[SourceQuality "1"]

1. e4 c5 2. Nc3 d6 3. f4 g6 4. Nf3 Bg7 5. Bc4 Nc6 6. O-O Nf6 ({More frequent
Black's setup against White's aggressive system is} 6... e6 7. d3 Nge7) 7. d3 {
White's plan in this line is to attack Black's king. To realize it White often
transfers his queen to the kingside Qd1-e1-h4 and sacrifices a pawn f4-f5 to
open the c1-h6 diagonal and the f file.} ({Possible is also the direct} 7. Qe1
O-O (7... Nb4 $5) 8. f5 {Now looks well} e6 $5 (8... gxf5 $6 9. Qh4 $40) (8...
Nd4 $6 9. fxg6 Nxf3+ 10. Rxf3 hxg6 11. Qh4 e6 12. d3 Nh7 13. Qg3 $14 {0-1
Jones,G-Kuzubov,Y/Groningen 2004/CBM 105/[Bangiev] (39)}) {, for example} 9.
fxg6 fxg6 10. e5 dxe5 11. d3 Nd4 12. Bb3 Nd5 13. Nxd4 Rxf1+ 14. Qxf1 exd4 15.
Ne4 $44 b6 16. Bg5 Qd7 17. Bh6 Qe7 18. Bg5 Qd7 19. Bh6 {1/2-1/2 Dorfman,
J-Polugaevsky,L/Moscow 1976/URS-ch}) 7... O-O 8. Qe1 {[%cal Ye1h4]} ({The
immediate pawn sacrifes} 8. f5 {isn't probably dangerous for Black:} gxf5 9.
Qe1 (9. Bg5 fxe4 10. dxe4 Bg4 11. Qe1 Bxf3 12. Rxf3 Ne5 13. Rg3 Kh8 14. Rh3 Qd7
15. Be2 Ng6 $13 {0-1 Minasian,A-Browne,W/Las Vegas 1993/EXT 97 (45)}) 9... e6
10. Bg5 h6 11. Bh4 Ne7 12. Kh1 f4 13. e5 Ng4 $13 14. g3 Nxe5 15. Nxe5 dxe5 16.
gxf4 b5 17. Rg1 Bb7+ 18. Ne4 Kh8 {1/2-1/2 Khalifman,A-Kuczynski,R/Germany 1992/
GER-chT}) 8... Nd4 {[%csl Rc2]} ({Other main option is} 8... e6 {, for example}
9. Bb3 (9. f5 d5 10. e5 Nxe5 $1 11. Nxe5 dxc4 12. fxg6 hxg6 $11 {1/2-1/2
Gdanski,J-Pelletier,Y/Germany 2002/CBM 089/[Bangiev] (75)}) 9... d5 (9... Na5
10. e5 Ne8 11. Bd2 Nxb3 12. axb3 $13 {1-0 Fressinet,L-Sebag,M/Paris 2004/CBM
102 ext (49)}) 10. e5 Ne8 11. Bd2 f6 12. exf6 Bxf6 13. Ne5 Qc7 14. Nxc6 bxc6 $2
(14... Qxc6 $142 $11) 15. Na4 Qd6 16. Be3 d4 17. Bd2 Nc7 18. f5 $1 $16 {
1-0 Fontaine,R-Pelletier,Y/Germany 2002/CBM 089/[Bangiev] (39)}) 9. Bb3 ({
After exchanging the knights} 9. Nxd4 cxd4 {the position is about equal, for
example} 10. Nd5 (10. Nd1 d5) 10... Nxd5 11. Bxd5 e6 (11... Qc7 12. f5 e6 $11 {
1-0 Sutovsky,E-Zhu Chen/Shenyang 1999/CBM 073 (40)}) 12. Bb3 a5 13. a4 Kh8 14.
Bd2 Bd7 15. Qg3 Qc7 16. Qh4 f5 17. Rfe1 Rae8 $11 {1/2-1/2 Klimov,A-Trofimov,S/
Satka 2005/CBM 107 ext (24)}) 9... a5 $5 {[%csl Rb3] Anand's idea from his
game quoted below. Black doesn't exchange White's Bb3, rather he strives to
attack it. White has to play accurate now.} ({Other possibilities are:} 9...
Nxb3 10. axb3 Ne8 (10... e6 11. e5 Ne8 12. Ne4 b6 13. b4 f5 $13 {0-1 Kudrin,
S-De Firmian,N/Denver 1998/CBM 068/[Bangiev] (52)}) (10... Bd7 $6 11. f5 $1
gxf5 $140 12. Qh4 fxe4 13. Ng5 $40) 11. Qh4 f5 $13 {1/2-1/2 Hansen,S-De
Firmian,N/Copenhagen 1999/CBM 071 ext (78)}) (9... Be6 10. Nxd4 cxd4 11. Bxe6
dxc3 12. Bb3 Nxe4 $1 $11 {0-1 Shchekachev,A-Voitsekhovsky,S/Nizhnij Novgorod
1998/EXT 2000 (40)}) 10. Ba4 {Perhaps the best move,} ({other ones are weaker:
} 10. Bd2 $6 Bd7 {[%cal Ya5a4]} 11. a4 Nxb3 12. cxb3 Be6 $15 {0-1 Bauer,
C-Pelletier,Y/Aubervilliers 2002/CBM 086 ext (65)}) (10. Nxd4 $6 cxd4 11. Nd5 (
11. Ne2 a4 12. Bc4 d5 $15) 11... Nxd5 12. Bxd5 e6 13. Bc4 d5 $15) (10. Qh4 $6
Bd7 $1 ({Anand didn't find this best move and continued} 10... a4 $143 $6 $13 {
0-1 Hernandez,G-Anand,V/Merida 2001/CBM 084/[Anand] (48)}) 11. e5 (11. a4 Nxb3
12. cxb3 Bc6 13. f5 $15) 11... a4 12. exf6 (12. Nxd4 cxd4 13. Nd5 Nxd5 14. Bxd5
e6 15. Qxd8 Rfxd8 16. Bxb7 Rab8 $17) 12... Bxf6 $15) 10... Bd7 {A new and a
logical move.} (10... Bg4 11. Nxd4 cxd4 12. Ne2 Bxe2 $6 (12... Qb6 $142 $11)
13. Qxe2 {^^} Nd7 14. f5 $14 {1-0 Mitkov,N-Paehtz,E/Saint Vincent 2003/CBM 092
ext (56)}) ({Interesting is} 10... Rb8 $5 {[%cal Yb7b5]} 11. Nxd4 cxd4 12. Nb5
$13) 11. Bxd7 Nxd7 $11 {Black can't complain about anything, his position is
even more comfortable. White can't suffer the dominant Nd4 for long and after
its exchange Black will gain an easy play on the c file against the c2 pawn.} (
{Of course not} 11... Nxc2 $2 12. Qf2 Nxa1 13. Bh3 $16 {[%csl Ra1]}) 12. Qf2 a4
13. Nxd4 cxd4 14. Ne2 Qb6 15. f5 d5 $5 (15... Rac8 16. Nf4 {[%cal Yf4d5]}) 16.
Bg5 $6 {This inaccuracy hands the advantage to Black.} ({It is better to
accept the pawn sacrifice} 16. exd5 $142 Rac8 $13 {[%csl Rc2]}) 16... dxe4 17.
Bxe7 exd3 18. cxd3 Rfe8 19. Ba3 Ne5 $15 {[%csl Rd3] Black's pieces are
seemingly better placed and more active.} 20. Nf4 {[%cal Yf4d5] White's knight
aims to d5.} Ng4 21. Qf3 (21. Nd5 $143 Qd8 22. Qf4 (22. Qf3 $6 Ne5) 22... Qxd5
23. Qxg4 Bh6 $5 $15 {[%csl Rc1]}) 21... Ne3 {Following exchanges are almost
forced.} 22. fxg6 fxg6 23. Nd5 Qc6 24. Ne7+ Rxe7 25. Bxe7 Nxf1 26. Rxf1 $2 {
A serious error.} ({Much better version of the arising ending White has after} 
26. Qxc6 $142 bxc6 27. Rxf1 Bh6 28. g4 $5 $15 {Important fact which changes
the evaluation is that the c file is closed.}) 26... Qxf3 27. Rxf3 Bh6 $1 $17 {
Black activates his bishop and now White can't prevent the penetration of
Black's rook via the c file into his position.} (27... Re8 $2 28. Bg5 $1 $15)
28. g4 {White wants to gain some space on the kingside.} Be3+ 29. Kg2 Rc8 {
[%csl Rb2][%cal Yc8c2]} 30. Ba3 b5 31. Kg3 Bd2 {[%cal Yb5b4]} (31... Rc2 $2 32.
Rf8+ Kg7 33. Rb8 $132) 32. Bd6 Rc2 {Black gains material.} 33. h4 {White
strives to create some threats against Black's king.} Rxb2 34. Rf8+ Kg7 35. g5
Bb4 $2 {Black mars his well played game.} ({Bad is also} 35... Rxa2 $2 36. Re8
$11 {with a perpetual check on the e file.}) ({But after correct} 35... Be1+
$142 36. Kh3 Rd2 $19 {Black wins as White can't create any real threats.}) 36.
Bxb4 Rxb4 37. Rb8 Rb2 38. Kf4 $44 {In this rook ending Black can't convert his
extra pawn. White rook and king are very active whereas Black's king is
passive and it can't hide from rook's checks.} Rxa2 (38... a3 39. Ke5 Rxa2 40.
Rb7+ Kg8 41. Rxb5 Rf2 42. Ke6 a2 43. Ra5 $11) 39. Rxb5 Rh2 40. Rb7+ Kg8 41.
Rb8+ Kf7 42. Ke5 Rxh4 43. Ra8 $11 Rg4 44. Ra7+ Kg8 45. Ra8+ Kg7 46. Ra7+ Kg8
47. Ra8+ Kf7 48. Ra7+ Kf8 49. Kf6 Rf4+ 50. Ke6 Rf5 51. Ra8+ Kg7 52. Ra7+ Kg8
53. Ra8+ Kg7 54. Ra7+ 1/2-1/2